| 000 | 01847nam a2200469 a 4500 | ||
|---|---|---|---|
| 001 | 991003364369707486 | ||
| 003 | CO-PeBPR | ||
| 005 | 20260417115255.0 | ||
| 008 | 171218s2016 ck a gr 000 0 spa d | ||
| 020 | _a9789588908595 | ||
| 040 | 0 |
_aCO-PeBPR _bspa _cCO-PeBPR _erda |
|
| 041 | 0 | _hspa | |
| 082 | 0 | 4 | _a370.115 P469b |
| 245 | 1 | 0 |
_aBitácora para la Cátedra de la Paz _b: formación de maestros y educadores para una Colombia en paz _c/ Carol Pertuz Bedoya... [y otros trece] ; editado por Piedad Ortega Valencia |
| 264 |
_aBogotá, Colombia _b: Universidad Pedagógica Nacional _c, 2016 |
||
| 300 |
_a311 páginas _b: ilustraciones a color _c; 24 centímetros |
||
| 336 |
_atext _btxt _crdacontenido |
||
| 337 |
_aunmediated _bn _2rdamedia |
||
| 338 |
_avolume _bnc _2rdacarrier |
||
| 500 | _aIncluye índice. | ||
| 504 | _aIncluye bibliografía. | ||
| 650 | 1 | 4 |
_2LEMB _aCultura de paz _zColombia |
| 650 | 1 | 4 |
_2LEMB _aEducación para la paz _zColombia |
| 650 | 1 | 4 |
_2LEMB _aPaz colombiana _xEnseñanza |
| 650 | 1 | 4 |
_aViolencia política _zColombia _2LEMB |
| 700 | 1 |
_aPertuz Bedoya, Carol _eautora |
|
| 700 | 1 |
_aGirón Ortiz, Claudia _eautora |
|
| 700 | 1 |
_aArévalo Robles, Gabriel Andrés _eautor |
|
| 700 | 1 |
_aChoachí González, Helberth _eautor |
|
| 700 | 1 |
_aTorres Gámez, Ingrid Lorena _eautora |
|
| 700 | 1 |
_aMerchán Diaz, Jeritza _eautora |
|
| 700 | 1 |
_aAponte Otálvaro, Jorge Enrique _eautor |
|
| 700 | 1 |
_aGarzón Godoy, Lorena _eautora |
|
| 700 | 1 |
_aHerrera Cortés, Martha Cecilia _eautora |
|
| 700 | 1 |
_aOrtega Valencia, Piedad Cecilia _eautora |
|
| 700 | 1 |
_aVega Cantor, Renán _eautor |
|
| 700 | 1 |
_aArias Campos, Rosa Ludy _eautora |
|
| 700 | 1 |
_aRodríguez Ávila, Sandra Patricia _eautora |
|
| 700 | 1 |
_aCuerrea Lugo, Víctor De _eautor |
|
| 700 | 1 |
_aOrtega Valencia, Piedad Cecilia _eeditora. |
|
| 942 |
_2ddc _cBK |
||
| 999 |
_c17719 _d17719 |
||